Laxton's builder's price book for 1869 (Record no. 114700)

MARC details
000 -LEADER
fixed length control field 00906cam a22001935a 4500
001 - CONTROL NUMBER
control field L157286
008 - FIXED-LENGTH DATA ELEMENTS--GENERAL INFORMATION
fixed length control field 121009s1869 xxk f 000 0 eng d
035 ## - SYSTEM CONTROL NUMBER
System control number (Sirsi) u157286
041 0# - LANGUAGE CODE
Language code of text/sound track or separate title eng
100 1# - MAIN ENTRY--PERSONAL NAME
Personal name Laxton, W.
245 00 - TITLE STATEMENT
Title Laxton's builder's price book for 1869
Remainder of title containing above 70,000 prices, carefully corrected and revised according to the present prices of materials and labour, together with many new, useful, and important memoranda; and prices and descriptions of new materials and inventions suited to the builder, contractor and engineer, and all trades connected therewith
250 ## - EDITION STATEMENT
Edition statement 51st ed.
260 ## - PUBLICATION, DISTRIBUTION, ETC.
Place of publication, distribution, etc. London
Name of publisher, distributor, etc. Morgan & Chase
Place of publication, distribution, etc. Simpkin, Marshall and Co.
Date of publication, distribution, etc. [1869]
300 ## - PHYSICAL DESCRIPTION
Extent 28, xxxv, 245, 52, 113 p.
Other physical details ill.
Dimensions 17 cm.
583 0# - ACTION NOTE
Action Condition reviewed
Time/date of action 20120620
Status condition level 3
651 #4 - SUBJECT ADDED ENTRY--GEOGRAPHIC NAME
Geographic name Great Britain
Chronological subdivision 1707-
690 ## - LOCAL SUBJECT ADDED ENTRY--TOPICAL TERM (OCLC, RLIN)
Topical term or geographic name as entry element Construction management
9 (RLIN) 6230
942 ## - ADDED ENTRY ELEMENTS (KOHA)
Suppress in OPAC 0
Holdings
Withdrawn status Lost status Damaged status Not for loan Home library Current library Shelving location Date acquired Total Checkouts Full call number Barcode Date last seen Copy number Price effective from Koha item type
        Historic collection Historic collection Historic collection 09/10/2012   PRICE OCTAVO 1869 LAXTON 30077773 06/08/2019 1 06/08/2019 Book